| 000 | 00617nam a2200241 a 4500 | ||
|---|---|---|---|
| 001 | nice12345678 | ||
| 003 | IN_TiNIC | ||
| 005 | 20260116011325.0 | ||
| 008 | 050524s1968 thaa grp 000 0 eng | ||
| 020 |
_a _c100 |
||
| 082 | 0 | 0 |
_a275.93 _bWEL |
| 100 | _aWells, K E | ||
| 245 | _aThailand and the Chrisitian Faith | ||
| 260 |
_aThailand _bDept.Of Christian Education and Literatu _c1968 |
||
| 300 | _a8p | ||
| 500 | _aincludes index and biblioraphy | ||
| 505 | 2 | _alight of islam series no.4 | |
| 650 | _aChristianity-Thailand | ||
| 700 | 1 | _aWells, K E | |
| 902 | _bSRS | ||
| 942 | _cBK | ||
| 999 |
_c520 _d520 |
||